000 00280nam a2200109 a 4500
005 20201002045507.0
008 141209s2011 000 spa d
020 _a9806007151
245 0 _aLeyendas del Táchira I.
260 _aSan Cristóbal, Venezuela,
_c2011.
999 _c44092
_d44092
040 _aDO-SdBNP